Sistemas de información para la gestión empresaria (Registro nro. 2399)

Detalles MARC
000 -LEADER
fixed length control field 01852 a2200217 4500
001 - CONTROL NUMBER
control field 33867
005 - DATE AND TIME OF LATEST TRANSACTION
control field 20260407155629.0
008 - FIXED-LENGTH DATA ELEMENTS--GENERAL INFORMATION
fixed length control field 260407a2001 arg spa d
003 - CONTROL NUMBER IDENTIFIER
control field AR-UNSa-BCEJYS
040 ## - CATALOGING SOURCE
Original cataloging agency AR-UNSa-BCEJYS
Language of cataloging spa
Transcribing agency AR-UNSa-BCEJYS
080 ## - UNIVERSAL DECIMAL CLASSIFICATION NUMBER
Universal Decimal Classification number 658.011.56
Common auxiliary subdivision Automatización
041 ## - LANGUAGE CODE
Language code of text/sound track or separate title spa
100 1# - MAIN ENTRY--PERSONAL NAME
Personal name Lardent, Alberto R.
245 10 - TITLE STATEMENT
Title Sistemas de información para la gestión empresaria
Name of part/section of a work planeamiento, tecnología y calidad
264 #1 - PRODUCTION, PUBLICATION, DISTRIBUTION, MANUFACTURE, AND COPYRIGHT NOTICE
Place of production, publication, distribution, manufacture Buenos Aires :
Name of producer, publisher, distributor, manufacturer Pearson Educación
Date of production, publication, distribution, manufacture, or copyright notice 2001
300 ## - PHYSICAL DESCRIPTION
Extent xv, 525 p.
Dimensions 26 cm.
505 ## - FORMATTED CONTENTS NOTE
Formatted contents note I: Planeamiento y estructura: 1. Planeamiento estratégico de sistemas de información - 2. Estructura organizativa y sistemas de información - 3. Diseño de estructuras y procesos a trvés de software - II: Nuevas tecnologías para la gestión empresaria: 4. Técnicas modernas de gestión de negocios - 5. Eapas en el desarrollo de tecnología informática - 6. Megatendencias en tecnología informática - 7. Arquitectura cliente/servidor - 8. Reingeniería de procesos de negocios - 9. Internet - 10. Intranet-extranet - 11. Intercambio electónico de datos - 12. Aplicación de códigos de barras - 13. Transferencias electrónica de fondos - 14. Comercio electrónico - 15. Dinero electrónico - 16. Procesamiento de imágenes - 17. Formularios electrónicos - 18. Data Warehousing - 19. Benchmarkinng - 20. Sistemas satelitales de transmisón de datos - 21. El tele -empleo ( o trabajo a distancia) - 22. El tranajo en equipo - 23. Sistemas de información integrados parqa la gestión empresaria - 24. Las nuevas tecnologías y el orden jurídico - III: Caidad Total : 25. Calidad total en los sistemas de infromación.
590 ## - LOCAL NOTE (RLIN)
Local note niveau_biblio:m niveau_hierar:0
856 41 - ELECTRONIC LOCATION AND ACCESS
Uniform Resource Identifier <a href="https://www.biblioeco.unsa.edu.ar/pmb/images/libros/L87023.jpg">https://www.biblioeco.unsa.edu.ar/pmb/images/libros/L87023.jpg</a>
Link text Imagen de portada
Electronic format type image/jpeg
942 ## - ADDED ENTRY ELEMENTS (KOHA)
Koha item type
Existencias
Withdrawn status Lost status Damaged status Not for loan Home library Current library Shelving location Date acquired Total checkouts Full call number Barcode Date last seen Price effective from Koha item type
        Biblioteca Prof. Eusebio Cleto del Rey Biblioteca Prof. Eusebio Cleto del Rey   07/04/2026   658.011.56 L321t L86545 07/04/2026 07/04/2026 Libro
        Biblioteca Prof. Eusebio Cleto del Rey Biblioteca Prof. Eusebio Cleto del Rey   07/04/2026   658.011.56 L321t L86547 07/04/2026 07/04/2026 Libro
        Biblioteca Prof. Eusebio Cleto del Rey Biblioteca Prof. Eusebio Cleto del Rey   07/04/2026   658.011.56 L321t L87023 07/04/2026 07/04/2026 Libro
        Biblioteca Prof. Eusebio Cleto del Rey Biblioteca Prof. Eusebio Cleto del Rey   07/04/2026   658.011.56 L321t L87025 07/04/2026 07/04/2026 Libro
        Biblioteca Prof. Eusebio Cleto del Rey Biblioteca Prof. Eusebio Cleto del Rey   07/04/2026   658.011.56 L321t L86546 07/04/2026 07/04/2026 Libro